| 000 | 00648cam a2200229 a 4500 | ||
|---|---|---|---|
| 001 | 11943975 | ||
| 005 | 20180222032739.0 | ||
| 008 | 000316s2001 ilu be 001 0deng | ||
| 010 | _a 00102466 | ||
| 020 | _a071660101X (set) | ||
| 040 |
_aDLC _cDLC |
||
| 041 | _aeng | ||
| 080 | _a030 cha | ||
| 100 | _a23 | ||
| 101 | _aenc | ||
| 245 | 0 | 4 | _aThe World Book encyclopedia. |
| 246 | 1 | 8 | _aWorld Book |
| 504 | _aIncludes bibliographical references and index. | ||
| 906 |
_a7 _bcbc _corignew _d2 _eepcn _f20 _gy-gencatlg |
||
| 942 |
_2ddc _cBK |
||
| 999 |
_c43099 _d43099 |
||